15 Ejércitos más Poderosos de Latinoamérica - Estadísticas

Estadísticas generales
  • Esta prueba ha sido intentada 88 veces
  • La puntuación promedio es 14 de 15
Estadísticas de respuestas
Posición PwrIndx País % Correcto
2. 0.4243 Argentina
100%
1. 0.2151 Brasil
100%
5. 0.7712 Chile
100%
7. 0.8466 Perú
100%
4. 0.7011 Colombia
99%
6. 0.8228 Venezuela
98%
10. 1.4339 Bolivia
95%
3. 0.4687 México
95%
11. 1.7863 Paraguay
95%
13. 1.9269 Uruguay
94%
9. 1.2181 Ecuador
91%
14. 2.0419 Guatemala
85%
12. 1.8851 Honduras
84%
15. 2.5685 Nicaragua
81%
8. 1.1523 Cuba
79%
No se encontraron pruebas coincidentes
Distribución de puntuación
Porcentaje de gente con cada puntuación
Porcentaje por número respondido
Historial de tus puntuaciones
No has intentado esta prueba.